| 000 | 01183nam a2200265Ia 4500 | ||
|---|---|---|---|
| 003 | OSt | ||
| 005 | 20220930094819.0 | ||
| 006 | a|||||r|||| 00| 0 | ||
| 007 | ta | ||
| 008 | 220926b |||||||| |||| 00| 0 hin d | ||
| 024 | _a20492 | ||
| 037 | _cTheses | ||
| 040 |
_aCRL _cCRL _bhin |
||
| 041 |
_2hin _ahin |
||
| 100 | _aसन्दीप कुमार | ||
| 110 |
_aदिल्ली विश्वविद्यालय. कला संकाय. संस्कृत विभाग _9556354 |
||
| 245 | 0 | _aसंस्कृत व्याकरण परम्परा में आचार्य क्रमदीश्वर का अवदान | |
| 246 | _aSanskṛut vyākaraṇ paramparā mean āchārya kramadīshvar kā avadāna | ||
| 260 | _c2013 | ||
| 650 | _aसंस्कृत साहित्य | ||
| 700 | _a डॉ. श्रीवत्स, गा. | ||
| 700 |
_aदिल्ली विश्वविद्यालय. कला संकाय. संस्कृत विभाग _9556355 |
||
| 942 |
_cDIS _2CC |
||
| 999 |
_c887718 _d887718 |
||